000 00392nam a2200157Ia 4500
008 160316s1998 xxu||||| |||| 00| 0 eng d
082 _a801.000000
_bEKA
100 _aEkambaram N
245 _aGlimpses of world literature
250 _a
260 _aDelhi
_bPencraft International
_c1998
300 _a208p
_b
_c
365 _bRs.350
650 _a1. Literature
700 _aSaraswathi V
_a
999 _c14365
_d14365